00240nam a22000977a 450008200160000010000200001624500500003626000090008630000070009565000400010200a291.172 CHI aChinniah, Issac aChristian Muslim Relations Dialogue and Study c1979 a47 aInterfaith Dialogue-Christian Musli